[Event "4th ChessMates Murmansk 2020"]
[Site "Murmansk"]
[Date "2020.03.15"]
[Round "5.4"]
[White "Nikitin, Arseni EST"]
[Black "Mamoshin, Oleg"]
[Result "1/2-1/2"]
[WhiteElo "1680"]
[BlackElo "1648"]
[Annotator "NA RC"]
[PlyCount "61"]
[EventDate "2020.03.13"]
[EventType "team-tourn"]
[EventCountry "RUS"]
[SourceTitle "playchess.com"]
[Source "ChessBase"]
[SourceQuality "1"]
[TimeControl "5400+30"]

1. e4 {[%emt 0:00:00]} c5 {[%emt 0:00:00]} 2. Nf3 {[%emt 0:00:04]} Nc6 {[%emt 0:00:00]} 3. Bb5 {[%emt 0:00:09]} e6 {[%emt 0:00:00]} 4. O-O {[%emt 0:01:04]} Qb6 {[%emt 0:00:38]} 5. Bxc6 {[%emt 0:01:07]} Qxc6 {[%emt 0:00:06]} 6. Re1 {[%emt 0:00:12]} Nf6 {[%emt 0:00:29]} 7. e5 {[%emt 0:00:44]} Nd5 {[%emt 0:00:33]} 8. d4 {[%emt 0:01:16]} c4 {[%emt 0:05:24]} 9. c3 {[%emt 0:00:40]} Be7 {[%emt 0:00:51]} 10. Nbd2 {[%emt 0:00:10]} b5 {[%emt 0:01:33]} 11. Ne4 {[%emt 0:00:14]} Bb7 {[%emt 0:02:47]} 12. Nfg5 {[%emt 0:07:20]} h6 {[%emt 0:27:21]} 13. Nh3 {[%emt 0:00:11]} O-O-O {[%emt 0:00:38]} 14. f3 {[%emt 0:00:12]} f5 {[%emt 0:00:43]} 15. exf6 {[%emt 0:00:55]} Nxf6 {[%emt 0:00:14]} 16. Nf4 {[%emt 0:01:06]} Nxe4 {[%emt 0:03:07]} 17. fxe4 {[%emt 0:00:12]} Bf6 {[%emt 0:10:01]} 18. a4 {[%emt 0:02:47]} a6 {[%emt 0:03:57]} 19. axb5 {[%emt 0:02:04]} axb5 {[%emt 0:01:13]} 20. Qe2 {[%emt 0:03:55]} g5 {[%emt 0:10:53]} 21. Nh5 {[%emt 0:00:43]} Be7 {[%emt 0:01:18]} 22. Bd2 {[%emt 0:00:59]} Rhf8 {[%emt 0:02:11]} 23. Rab1 {[%emt 0:05:17]} Rf7 {[%emt 0:05:11]} 24. Ng3 {[%emt 0:01:06]} Rdf8 {[%emt 0:03:18]} 25. Rf1 {[%emt 0:00:13]} d5 {[%emt 0:02:15]} 26. e5 {[%emt 0:00:20]} Rxf1+ {[%emt 0:01:43]} 27. Rxf1 {[%emt 0:00:04]} Rxf1+ {[%emt 0:00:05]} 28. Qxf1 {[%emt 0:00:05]} Qe8 {[%emt 0:00:10]} 29. Qf3 {[%emt 0:02:21]} Bc6 {[%emt 0:05:57]} 30. Nh5 {[%emt 0:00:39]} Qg6 {[%emt 0:01:51]} 31. Qd1 {[%emt 0:02:05]} 1/2-1/2

[Event "4th ChessMates Murmansk 2020"]
[Site "Murmansk"]
[Date "2020.03.15"]
[Round "5.5"]
[White "Khripachenko, Alexander"]
[Black "Rikas, Artur"]
[Result "1-0"]
[WhiteElo "1773"]
[BlackElo "1580"]
[Annotator "NA RC"]
[PlyCount "45"]
[EventDate "2020.03.13"]
[EventType "team-tourn"]
[EventCountry "RUS"]
[SourceTitle "playchess.com"]
[Source "ChessBase"]
[SourceQuality "1"]
[TimeControl "5400+30"]

1. e4 {[%emt 0:00:00]} c5 {[%emt 0:00:16]} 2. Nf3 {[%emt 0:00:00]} a6 {[%emt 0:00:18]} 3. c4 {[%emt 0:00:00]} Nc6 {[%emt 0:00:31]} 4. d4 {[%emt 0:00:03]} cxd4 {[%emt 0:00:32]} 5. Nxd4 {[%emt 0:00:02]} e5 {[%emt 0:03:08]} 6. Nc2 {[%emt 0:00:56]} Nf6 {[%emt 0:04:09]} 7. Nc3 {[%emt 0:00:08]} h6 {[%emt 0:01:56]} 8. Be3 {[%emt 0:00:25]} d6 {[%emt 0:03:02]} 9. Be2 {[%emt 0:00:05]} Be7 {[%emt 0:01:33]} 10. O-O {[%emt 0:00:13]} O-O {[%emt 0:00:06]} 11. Qd2 {[%emt 0:00:38]} Ne8 {[%emt 0:13:32]} 12. Rad1 {[%emt 0:01:34]} f5 {[%emt 0:05:04]} 13. exf5 {[%emt 0:00:19]} Bxf5 {[%emt 0:00:12]} 14. Bd3 {[%emt 0:00:16]} Qd7 {[%emt 0:07:28]} 15. Nd5 {[%emt 0:01:00]} Rd8 {[%emt 0:02:07]} 16. Bb6 {[%emt 0:01:52]} Rc8 {[%emt 0:01:29]} 17. Nce3 {[%emt 0:00:57]} e4 {[%emt 0:09:56]} 18. Bb1 {[%emt 0:01:38]} Bg5 {[%emt 0:07:51]} 19. Qe2 {[%emt 0:01:31]} Ne5 {[%emt 0:04:00]} 20. Nxf5 {[%emt 0:01:16]} Qxf5 {[%emt 0:02:49]} 21. Bxe4 {[%emt 0:01:21]} Qe6 {[%emt 0:00:44]} 22. f4 {[%emt 0:02:13]} Nxc4 {[%emt 0:07:00]} 23. Bh7+ {[%emt 0:00:47]} 1-0

[Event "4th ChessMates Murmansk 2020"]
[Site "Murmansk"]
[Date "2020.03.15"]
[Round "5.6"]
[White "Myskovski, Deniss"]
[Black "Morar, Kirill"]
[Result "0-1"]
[WhiteElo "1205"]
[BlackElo "1271"]
[Annotator "NA RC"]
[PlyCount "64"]
[EventDate "2020.03.13"]
[EventType "team-tourn"]
[EventCountry "RUS"]
[SourceTitle "playchess.com"]
[Source "ChessBase"]
[SourceQuality "1"]
[TimeControl "5400+30"]

1. e4 {[%emt 0:02:25]} c5 {[%emt 0:00:00]} 2. Nf3 {[%emt 0:00:54]} e6 {[%emt 0:00:00]} 3. Nc3 {[%emt 0:00:44]} a6 {[%emt 0:02:05]} 4. Be2 {[%emt 0:01:05]} d5 5. d4 Nf6 {[%emt 0:27:01]} 6. exd5 {[%emt 0:04:56]} Nxd5 {[%emt 0:02:08]} 7. Nxd5 {[%emt 0:00:59]} exd5 {[%emt 0:02:08]} 8. O-O {[%emt 0:02:41]} Be7 {[%emt 0:01:11]} 9. Re1 {[%emt 0:02:03]} O-O {[%emt 0:01:11]} 10. c3 {[%emt 0:01:16]} Nc6 {[%emt 0:00:31]} 11. Bf4 {[%emt 0:03:49]} Be6 {[%emt 0:01:48]} 12. Ne5 {[%emt 0:01:22]} Qb6 {[%emt 0:01:22]} 13. Nxc6 {[%emt 0:00:50]} bxc6 {[%emt 0:00:13]} 14. Bg4 {[%emt 0:08:42]} cxd4 {[%emt 0:06:54]} 15. Qxd4 {[%emt 0:06:35]} Bc5 {[%emt 0:04:01]} 16. Qd1 {[%emt 0:02:31]} Bxf2+ {[%emt 0:00:23]} 17. Kf1 {[%emt 0:01:25]} Bxe1 {[%emt 0:00:22]} 18. Kxe1 {[%emt 0:00:16]} Qg1+ {[%emt 0:00:13]} 19. Kd2 {[%emt 0:00:49]} Qxg2+ {[%emt 0:00:24]} 20. Be2 {[%emt 0:00:14]} Bg4 {[%emt 0:00:00]} 21. Qf1 {[%emt 0:00:00]} Qxe2+ {[%emt 0:00:16]} 22. Qxe2 {[%emt 0:00:00]} Bxe2 {[%emt 0:00:04]} 23. Kxe2 {[%emt 0:00:05]} Rfe8+ {[%emt 0:00:01]} 24. Kf2 {[%emt 0:00:32]} Re4 {[%emt 0:00:19]} 25. Be3 {[%emt 0:00:46]} Rae8 {[%emt 0:00:09]} 26. Re1 {[%emt 0:00:19]} f5 {[%emt 0:00:05]} 27. Bd2 {[%emt 0:00:21]} Rxe1 {[%emt 0:00:08]} 28. Bxe1 {[%emt 0:00:10]} Kf7 {[%emt 0:00:02]} 29. Bd2 {[%emt 0:00:19]} Kf6 {[%emt 0:00:08]} 30. b4 {[%emt 0:00:28]} g5 {[%emt 0:00:09]} 31. Kf3 {[%emt 0:00:14]} h5 {[%emt 0:00:19]} 32. a4 {[%emt 0:00:28]} h4 {[%emt 0:00:06]} 0-1

[Event "4th ChessMates Murmansk 2020"]
[Site "Murmansk"]
[Date "2020.03.15"]
[Round "5.7"]
[White "Abbasov, Aziz"]
[Black "Blokhin, Sofia"]
[Result "1/2-1/2"]
[WhiteElo "1478"]
[BlackElo "1854"]
[Annotator "NA RC"]
[PlyCount "84"]
[EventDate "2020.03.13"]
[EventType "team-tourn"]
[EventCountry "RUS"]
[SourceTitle "playchess.com"]
[Source "ChessBase"]
[SourceQuality "1"]
[TimeControl "5400+30"]

{[%evp 8,77,2,0,2,0,6,32767,15,-4,18,0,5,0,10,4,22,11,41,12,20,32767,0,-70,-44,-59,0,-65,-46,-60,-25,-32,-25,-48,-25,-252,-248,-241,-271,-241,-287,-309,-296,-625,-634,-895,-59,-64,-79,-68,216,-76,-75,-96,-93,-81,32767,32767,32767,32767,-58,-87,-34,-18,-24,-17,-8,-8,-10,0,-7,-8]} 1. b3 {[%emt 0:00:00]} d5 {[%emt 0:00:00]} 2. Bb2 {[%emt 0:00:00]} e6 {[%emt 0:00:00]} 3. e3 {[%emt 0:00:03]} Nf6 {[%emt 0:00:02]} 4. Nf3 {[%emt 0:00:04]} Be7 {[%emt 0:00:12]} 5. Be2 {[%emt 0:00:06]} b6 {[%emt 0:00:10]} 6. d4 {[%emt 0:01:19]} Bb7 {[%emt 0:00:15]} 7. O-O {[%emt 0:00:15]} O-O {[%emt 0:00:17]} 8. c4 {[%emt 0:00:04]} Nbd7 {[%emt 0:00:38] A13: English Opening: 1...e6.} 9. Nbd2 {[%emt 0:00:48]} c5 {[%emt 0:00:16]} 10. Rc1 {[%emt 0:00:08]} a6 {[%emt 0:00:51] [#]} 11. Ne5 $146 {[%emt 0:02:01]} ({Predecessor:} 11. a3 Rc8 {½-½ (11) Stella,A (2442)-Petkov,V (2519) Civitanova Marche 2012}) 11... dxc4 {[%emt 0:04:59]} 12. Ndxc4 {[%emt 0:05:40]} Nxe5 {[%emt 0:04:04]} 13. Nxe5 {[%emt 0:03:12]} Nd5 {[%emt 0:01:59]} 14. Bd3 {[%emt 0:07:33]} cxd4 {[%emt 0:04:04]} 15. exd4 {[%emt 0:42:24]} (15. Bxd4 $11 Ba3 16. Rc2 (16. Qh5 Nf6 $15)) 15... Nf4 {[%emt 0:03:51]} 16. f3 $1 {[%emt 0:02:54]} Bg5 {[%emt 0:03:25]} (16... Nxd3 $15 17. Qxd3 Bd6) 17. Rb1 {[%emt 0:04:27]} ({White should play} 17. Be4 $11 Qe7 18. Rc2) 17... Nd5 {[%emt 0:08:39]} 18. Re1 {[%emt 0:00:34]} Be3+ {[%emt 0:00:47]} ({Black should try} 18... f6 $17 19. Ng4 Qd6) 19. Kh1 {[%emt 0:01:24]} Qh4 {[%emt 0:03:22]} 20. g3 {[%emt 0:01:09]} Qh5 {[%emt 0:01:31]} 21. Ng4 $2 {[%emt 0:03:42] [#]} (21. Qe2 $15) 21... Qxg4 $1 {[%emt 0:04:30]} 22. Be4 {[%emt 0:00:16]} ({Don't go for} 22. Bxh7+ $2 Kxh7 23. fxg4 Nc3+ 24. d5 Nxd1 $19) 22... Qg5 {[%emt 0:02:43]} 23. Qd3 {[%emt 0:00:19]} Bf2 {[%emt 0:01:29]} 24. Re2 {[%emt 0:00:17]} Nb4 {[%emt 0:02:59] Double Attack} 25. Qc4 $2 {[%emt 0:00:28]} (25. Qd1 Bxe4 26. fxe4) 25... Bxe4 {[%emt 0:00:55]} 26. fxe4 {[%emt 0:00:12]} Qf6 $2 {[%emt 0:00:42]} (26... Rac8 $19 27. Qxb4 Qg4 28. Rxf2 Qxe4+ {[%mdl 64] Double Attack} 29. Kg1 Qxb1+ {[%mdl 64] Double Attack} 30. Kg2 Rc2) 27. Kg2 {[%emt 0:00:49]} Bxg3 {[%emt 0:04:54]} 28. hxg3 {[%emt 0:00:14]} Qe7 $2 {[%emt 0:00:56]} (28... a5 $17 {and life is bright.} 29. a3 Na6) 29. Bc3 $2 {[%emt 0:02:00]} (29. a3 $18) 29... a5 {[%emt 0:00:15]} 30. a3 {[%emt 0:05:10]} Rac8 {[%emt 0:05:54]} 31. Bxb4 {[%emt 0:00:43]} axb4 {[%emt 0:00:06]} 32. Qxb4 {[%emt 0:00:06]} Qxb4 {[%emt 0:00:07]} 33. axb4 {[%emt 0:00:04]} Rfd8 {[%emt 0:01:11]} 34. Rd2 {[%emt 0:01:48]} Kf8 {[%emt 0:00:38]} 35. Rd3 {[%emt 0:00:13]} Rc2+ {[%emt 0:00:23]} 36. Kf3 {[%emt 0:00:22] [#]} f5 {[%emt 0:01:22]} ({Black should play} 36... e5 $1 $17 {[%mdl 512]} 37. d5 (37. dxe5 Rxd3+) 37... Ke7) 37. exf5 {[%emt 0:01:18]} exf5 {[%emt 0:00:16]} 38. Rh1 {[%emt 0:00:11]} Kg8 {[%emt 0:01:27]} 39. Kf4 $11 {[%emt 0:00:33]} Rd5 {[%emt 0:00:14]} 40. Re1 {[%emt 0:00:21]} Rf2+ {[%emt 0:01:14]} 41. Ke3 {[%emt 0:00:30]} Rb2 {[%emt 0:02:11]} 42. Kf4 {[%emt 0:00:24]} Rf2+ {[%emt 0:01:28] Ke4} 1/2-1/2

[Event "4th ChessMates Murmansk 2020"]
[Site "Murmansk"]
[Date "2020.03.15"]
[Round "5.8"]
[White "Smirnova, Jekaterina"]
[Black "Khon, Ilya"]
[Result "1-0"]
[WhiteElo "1439"]
[BlackElo "1223"]
[Annotator "NA RC"]
[PlyCount "45"]
[EventDate "2020.03.13"]
[EventType "team-tourn"]
[EventCountry "RUS"]
[SourceTitle "playchess.com"]
[Source "ChessBase"]
[SourceQuality "1"]
[TimeControl "5400+30"]

1. c4 {[%emt 0:00:00]} Nf6 {[%emt 0:00:51]} 2. Nc3 {[%emt 0:00:00]} d5 {[%emt 0:00:51]} 3. cxd5 {[%emt 0:00:00]} Nxd5 {[%emt 0:00:23]} 4. d4 {[%emt 0:00:45]} e6 {[%emt 0:09:19]} 5. e4 {[%emt 0:04:02]} Nb6 {[%emt 0:01:28]} 6. Nf3 {[%emt 0:00:24]} Be7 {[%emt 0:10:55]} 7. Bb5+ {[%emt 0:01:55]} Bd7 {[%emt 0:00:46]} 8. Bd3 {[%emt 0:01:48]} O-O {[%emt 0:03:27]} 9. Be3 {[%emt 0:00:34]} Re8 {[%emt 0:17:43]} 10. O-O {[%emt 0:03:15]} h6 {[%emt 0:02:21]} 11. Ne5 {[%emt 0:00:44]} a6 {[%emt 0:01:25]} 12. Qh5 {[%emt 0:05:19]} Bg5 13. Qxf7+ {[%emt 0:12:48]} Kh7 {[%emt 0:27:16]} 14. Qg6+ {[%emt 0:01:23]} Kg8 {[%emt 0:02:50]} 15. f4 {[%emt 0:01:20]} Bf6 {[%emt 0:06:02]} 16. Nf7 {[%emt 0:05:30]} Qe7 {[%emt 0:02:28]} 17. Nxh6+ {[%emt 0:00:23]} Kf8 {[%emt 0:03:49]} 18. Ng4 {[%emt 0:00:24]} Qf7 {[%emt 0:03:21]} 19. Qxf7+ {[%emt 0:01:06]} Kxf7 {[%emt 0:00:15]} 20. e5 {[%emt 0:01:03]} Be7 {[%emt 0:00:31]} 21. Nf2 {[%emt 0:00:37]} Bc6 {[%emt 0:00:50]} 22. Nfe4 {[%emt 0:00:10]} Kg8 {[%emt 0:03:19]} 23. Ng5 {[%emt 0:01:15]} 1-0

[Event "4th ChessMates Murmansk 2020"]
[Site "Murmansk"]
[Date "2020.03.15"]
[Round "5.9"]
[White "Yatchenko, Leonid"]
[Black "Mertins, Ostap"]
[Result "1/2-1/2"]
[WhiteElo "1705"]
[BlackElo "1375"]
[Annotator "NA RC"]
[PlyCount "115"]
[EventDate "2020.03.13"]
[EventType "team-tourn"]
[EventCountry "RUS"]
[SourceTitle "playchess.com"]
[Source "ChessBase"]
[SourceQuality "1"]
[TimeControl "5400+30"]

1. e4 {[%emt 0:00:00]} e6 {[%emt 0:00:00]} 2. Nf3 {[%emt 0:00:00]} b6 {[%emt 0:00:00]} 3. d4 {[%emt 0:00:14]} Bb7 {[%emt 0:00:03]} 4. Bd3 {[%emt 0:00:27]} Nf6 {[%emt 0:00:36]} 5. e5 {[%emt 0:01:08]} Nd5 {[%emt 0:00:17]} 6. c3 {[%emt 0:00:14]} c5 {[%emt 0:00:33]} 7. a3 {[%emt 0:00:22]} Nc6 {[%emt 0:01:27]} 8. Bc2 {[%emt 0:00:14]} d6 {[%emt 0:01:26]} 9. O-O {[%emt 0:01:28]} dxe5 {[%emt 0:02:56]} 10. dxe5 {[%emt 0:00:06]} Qc7 {[%emt 0:00:36]} 11. Re1 {[%emt 0:00:37]} Rd8 {[%emt 0:02:05]} 12. Qe2 {[%emt 0:00:49]} a6 {[%emt 0:05:14]} 13. Bg5 {[%emt 0:00:50]} Be7 {[%emt 0:01:00]} 14. Bxe7 {[%emt 0:00:28]} Ncxe7 {[%emt 0:02:05]} 15. g3 {[%emt 0:04:27]} b5 {[%emt 0:04:00]} 16. Nbd2 {[%emt 0:01:55]} h6 {[%emt 0:03:03]} 17. c4 {[%emt 0:02:01]} bxc4 {[%emt 0:01:33]} 18. Nxc4 {[%emt 0:00:12]} Nb6 {[%emt 0:00:27]} 19. Nd6+ {[%emt 0:00:29]} Kf8 {[%emt 0:02:49]} 20. Nxb7 {[%emt 0:00:05]} Qxb7 {[%emt 0:00:08]} 21. Nd2 {[%emt 0:01:01]} Ned5 {[%emt 0:02:40]} 22. Ne4 {[%emt 0:02:44]} Nd7 {[%emt 0:03:56]} 23. Nd6 {[%emt 0:01:47]} Qc6 {[%emt 0:01:13]} 24. Nc4 {[%emt 0:00:17]} N7b6 {[%emt 0:00:49]} 25. Nxb6 {[%emt 0:00:30]} Qxb6 {[%emt 0:00:19]} 26. Be4 {[%emt 0:00:49]} Ke7 {[%emt 0:01:23]} 27. Rac1 {[%emt 0:01:41]} Rb8 {[%emt 0:01:40]} 28. Qc4 {[%emt 0:07:37]} Rhd8 {[%emt 0:04:09]} 29. Re2 {[%emt 0:03:05]} Rbc8 {[%emt 0:01:59]} 30. Bg2 {[%emt 0:01:18]} Qb5 {[%emt 0:00:43]} 31. Qh4+ {[%emt 0:02:15]} Kf8 {[%emt 0:00:30]} 32. Rec2 {[%emt 0:00:21]} c4 {[%emt 0:03:38]} 33. Rxc4 {[%emt 0:00:40]} Rb8 {[%emt 0:02:44]} 34. b4 {[%emt 0:01:40]} Qa4 {[%emt 0:01:15]} 35. Bxd5 {[%emt 0:01:46]} exd5 {[%emt 0:01:03]} 36. Rc7 {[%emt 0:01:20]} Qe8 {[%emt 0:01:08]} 37. Qd4 {[%emt 0:00:17]} Rd7 {[%emt 0:02:52]} 38. Kg2 {[%emt 0:05:27]} Rxc7 {[%emt 0:02:42]} 39. Rxc7 {[%emt 0:00:07]} Qe6 {[%emt 0:01:22]} 40. Qc5+ {[%emt 0:01:56]} Ke8 {[%emt 0:05:17]} 41. f4 {[%emt 0:02:26]} d4 {[%emt 0:02:30]} 42. Qc6+ {[%emt 0:00:42]} Qxc6+ {[%emt 0:00:40]} 43. Rxc6 {[%emt 0:00:03]} a5 {[%emt 0:01:15]} 44. bxa5 {[%emt 0:00:57]} Rb3 {[%emt 0:00:47]} 45. a4 {[%emt 0:00:33]} Rb4 {[%emt 0:00:14]} 46. Rd6 {[%emt 0:00:39]} Rxa4 {[%emt 0:00:16]} 47. Rd5 {[%emt 0:00:15]} d3 {[%emt 0:03:34]} 48. Rxd3 {[%emt 0:00:10]} Rxa5 {[%emt 0:00:04]} 49. Kf3 {[%emt 0:00:15]} Ra4 {[%emt 0:01:32]} 50. h4 {[%emt 0:00:26]} h5 {[%emt 0:01:29]} 51. g4 {[%emt 0:00:48]} hxg4+ {[%emt 0:00:18]} 52. Kxg4 {[%emt 0:00:05]} g6 {[%emt 0:00:39]} 53. Rf3 {[%emt 0:00:34]} Ke7 {[%emt 0:00:59]} 54. Rb3 {[%emt 0:01:08]} Ra1 {[%emt 0:03:38]} 55. Rb7+ {[%emt 0:00:14]} Ke6 {[%emt 0:00:19]} 56. Rb3 {[%emt 0:00:21]} Rg1+ 57. Rg3 Rxg3+ 58. Kxg3 1/2-1/2

[Event "4th ChessMates Murmansk 2020"]
[Site "Murmansk"]
[Date "2020.03.15"]
[Round "5.11"]
[White "Babanin, Gleb"]
[Black "Venkatesan, Kavin"]
[Result "1-0"]
[WhiteElo "2225"]
[BlackElo "2021"]
[Annotator "TA"]
[PlyCount "117"]
[EventDate "2020.03.13"]
[EventType "team-tourn"]
[EventCountry "RUS"]
[SourceTitle "playchess.com"]
[Source "ChessBase"]
[SourceQuality "1"]

{[%evp 9,117,21,35,21,32,29,21,0,0,-13,16,8,64,53,71,50,60,60,60,56,68,67,67,36,77,56,73,22,88,86,111,103,106,76,115,56,50,36,49,55,58,52,85,85,82,81,138,131,131,131,168,166,203,202,213,212,212,216,274,241,220,156,256,214,187,204,156,181,235,116,252,48,55,71,481,476,459,447,756,791,784,764,728,442,776,427,427,427,427,427,427,427,1195,1139,1153,1093,1533,1210,1894,1731,2002,1790,29973,29975,29989,29982,29992,29986,29991,29990]} 1. e4 c5 2. Nf3 d6 3. Bb5+ Nd7 4. Ba4 Ngf6 5. O-O a6 {[#] aiming for ...b5.} 6. c4 {B51: Sicilian: Moscow Variation (3 Bb5+) without 3...Bd7.} e6 7. Nc3 Be7 8. d3 {The position is equal.} O-O 9. h3 {[#]} Nb6 $146 ({Predecessor:} 9... Qc7 10. Qe2 b6 11. a3 Bb7 12. Bd2 Rad8 13. b4 Ne5 14. Rfc1 Nfd7 15. Rab1 Nxf3+ 16. Qxf3 {½-½ (40) Vandenbussche,T (2440)-Kraemer,M (2581) Germany 2020}) 10. Bc2 Bd7 (10... Nbd7 $11) 11. b3 Bc6 12. Bb2 Qc7 13. d4 cxd4 14. Nxd4 Rad8 15. Qe2 Rfe8 16. Rfe1 Bf8 17. Nxc6 Qxc6 18. Rad1 (18. Rac1 $16) 18... e5 (18... d5 $11) 19. a4 $16 {[%cal Ba2a4,Ba4a5][%mdl 32]} g6 20. a5 Nbd7 21. Ba3 Qc7 22. Bb4 ({Better is} 22. b4 $16) 22... Nc5 $14 23. Qf3 Bg7 24. Nd5 Nxd5 25. cxd5 Rc8 26. Bd2 Qe7 27. Rc1 h5 (27... Rc7 $142) 28. b4 $16 Nd7 29. Ba4 Red8 30. Rc3 b5 31. axb6 $1 Rxc3 32. Qxc3 {[#] And now Qc7 would win.} ({Resist} 32. Bxc3 $6 Nxb6 33. Bc6 Na8) 32... Nxb6 33. Bc6 Nd7 34. Ra1 Nb8 35. Qd3 Rc8 (35... Kh7 $16 36. b5 axb5 37. Bxb5 Rc8) 36. Rxa6 Nxa6 37. Qxa6 Rb8 38. b5 {[%cal Bb4b5,Bb5b6][%mdl 1056] Strongly threatening b6. White has strong compensation.} Kh7 (38... Qh4 {keeps fighting.}) 39. Be3 (39. b6 $18 {and the rest is easy.}) 39... Bh6 (39... Rf8 $16 40. Ba7 Qg5) 40. Qa7 $2 (40. Ba7 $18 Rf8 41. b6) 40... Qf8 $14 41. Bb6 $36 {[%mdl 2048] Black must now prevent Ba5. White has strong initiative.} Bf4 $2 {[%mdl 8192] Black is on the road to losing.} (41... Bd2 $16 {is a better chance.}) 42. Bc7 $18 Rc8 43. b6 Qh6 (43... Qe7 $142 44. Qa5 Bd2 45. Qxd2 Rxc7 46. bxc7 Qxc7) 44. Qa3 ({Not} 44. Bxd6 Bh2+ 45. Kxh2 Qf4+ 46. g3 Qxf2+ 47. Kh1 Qe1+ 48. Kh2 Qf2+ 49. Kh1 Qe1+ 50. Kh2 Qf2+ $11) 44... Bc1 45. Qf3 Qf8 46. Qc3 Qe7 (46... Bb2 $142 47. Qxb2 Qe7) 47. Qxc1 Rxc7 48. bxc7 Qxc7 49. g3 Qa5 50. Qe3 f6 (50... Kg7 $142 51. Kf1 Qb4) 51. Qf3 Kg7 52. Kg2 Qb4 53. h4 Kf7 54. Bd7 Kg7 55. g4 hxg4 56. Qxg4 {White mates.} Kf7 57. Be6+ Kg7 58. Bf5 g5 59. hxg5 {Accuracy: White = 77%, Black = 40%.} 1-0

[Event "4th ChessMates Murmansk 2020"]
[Site "Murmansk"]
[Date "2020.03.15"]
[Round "5.12"]
[White "Goss, Alex"]
[Black "Sinitsina, Anastassia"]
[Result "0-1"]
[WhiteElo "1811"]
[BlackElo "2125"]
[Annotator "TA"]
[PlyCount "108"]
[EventDate "2020.03.13"]
[EventType "team-tourn"]
[EventCountry "RUS"]
[SourceTitle "playchess.com"]
[Source "ChessBase"]
[SourceQuality "1"]

{[%evp 23,108,0,0,-19,0,0,33,-6,45,0,0,-1,-5,-6,-12,-9,-6,-5,0,0,0,-4,0,-19,0,0,-8,-9,0,0,0,-8,0,-6,-14,-45,-32,-34,-32,-119,-125,-122,-120,-125,-138,-222,-210,-218,-210,-193,-161,-159,-155,-217,-136,-137,-123,-128,-93,-112,-81,-83,-83,-87,-82,-83,-78,-81,-81,-100,-88,-111,-105,-92,-95,-178,-168,-164,-137,-742,-732,-29982,-29983,-29985,-29986,-29997,-29998]} 1. e4 c5 2. Nf3 e6 3. g3 Nc6 4. Bg2 Qc7 5. O-O Nf6 6. Re1 d6 7. d4 cxd4 8. Nxd4 Nxd4 9. Qxd4 Bd7 10. Nc3 Be7 11. b3 O-O 12. Bb2 a6 {[#]} 13. Ne2 $146 {B47: Sicilian: Taimanov: 5 Nc3 Qc7 6 f4, 6 g3 and 6 Be2.} ({Predecessor:} 13. Nd1 b5 14. Ne3 Bc6 15. Rad1 Qb7 16. f3 {½-½ (16) Ibarra Jerez,J (2558)-Bjerre,J (2421) Lorca 2018}) 13... Bc6 14. c4 Rfd8 15. Nc3 {White is slightly better.} Ne8 (15... b5 $11) 16. Rad1 Bf6 17. Qd2 b5 18. cxb5 axb5 19. a3 Qa5 20. b4 Qb6 21. Qe3 Qb7 22. f3 Rdc8 23. Rc1 Rab8 24. Red1 h6 25. Rc2 Qa6 26. Bf1 Bd7 27. Rdc1 Qb7 28. Bg2 Rc4 {White must now prevent ...Bd4.} 29. Ne2 Bxb2 30. Rxb2 Rxc1+ 31. Qxc1 (31. Nxc1 $15 e5 32. Rc2) 31... Qa7+ $17 {[%mdl 64] Double Attack} 32. Kf1 Qxa3 33. Qc3 Qa7 34. Qd3 (34. Qd4 $17 Qa1+ 35. Kf2) 34... Rc8 35. Ke1 e5 36. Rc2 Rxc2 37. Qxc2 Qb6 38. Nc3 (38. Qd2 $17 {was necessary.}) 38... Qe3+ ({Don't take} 38... Qg1+ 39. Bf1 $17) 39. Ne2 Kf8 40. Qd2 Qa7 41. Nc3 Qa3 42. Nd5 Be6 43. Ne3 Kg8 44. Kf2 g6 45. Bf1 Qa4 46. g4 Kg7 47. Nd1 Qa7+ 48. Kg2 Qb6 49. Nc3 {[#]} (49. h4 $17) 49... Nc7 $1 $19 50. Bd3 Bb3 51. Qe2 $2 {[%mdl 8192] [#] This move loses the game for White.} (51. Ne2 $17) 51... Ne6 $1 {[%cal Re6f4] ...Nf4+ is the strong threat.} 52. Qb2 Nf4+ {[%mdl 64] Double Attack. Black mates.} 53. Kh1 {[#]} Qe3 $1 {[%mdl 64] Double Attack} 54. Be2 {[#]} Qf2 $1 {Accuracy: White = 71%, Black = 80%.} 0-1

[Event "4th ChessMates Murmansk 2020"]
[Site "Murmansk"]
[Date "2020.03.15"]
[Round "5.13"]
[White "Glukhov, Dmitriy"]
[Black "Putar, Leon"]
[Result "0-1"]
[WhiteElo "2012"]
[BlackElo "1885"]
[Annotator "TA"]
[PlyCount "32"]
[EventDate "2020.03.13"]
[EventType "team-tourn"]
[EventCountry "RUS"]
[SourceTitle "playchess.com"]
[Source "ChessBase"]
[SourceQuality "1"]

{[%evp 14,32,38,36,70,7,102,46,116,103,117,67,75,50,157,-172,-174,-450,-437,-1615,-1558]} 1. d4 Nf6 2. c4 g6 3. Nf3 Bg7 4. g3 O-O 5. Bg2 d5 6. O-O c5 7. dxc5 Na6 8. Nc3 {[%cal Rc3d5]} dxc4 {D77: Fianchetto Grünfeld: 6 0-0: Replies other than 6...c6.} 9. c6 {[#]} (9. Qa4 $14) 9... Qc7 $146 (9... Nb4 $11 {remains equal.}) ({Predecessor:} 9... Nb4 10. Ne5 Nxc6 11. Nxc6 bxc6 12. Qa4 Be6 13. Bxc6 Bd7 14. Bf4 Bxc6 15. Qxc6 Qc8 16. Qxc8 Rfxc8 {½-½ (107) Neiksans,A (2573)-Sulskis,S (2503) Tallinn 2018}) 10. Qa4 (10. Nd4 $16) 10... Nc5 (10... Nb8 $14) 11. Qxc4 $16 Qxc6 12. Ne5 Qc7 13. Bf4 {[#] And now Nd3 would win.} g5 (13... Be6 $14 14. Qb5 Qb6) 14. Nxf7 $2 (14. Nb5 $16 {stays on course.} Qa5 15. b4 (15. Qxc5 gxf4 16. Nc4 Nd7 $14) (15. Bxg5 Ne6 $16)) 14... gxf4 $19 15. Nh6+ $2 (15. Ng5+ {was necessary.} Ne6 16. Qb3) 15... Kh8 16. Qg8+ (16. Nb5 $142 Qb6 17. b4) 16... Nxg8 {Accuracy: White =  4%, Black = 31%.} 0-1